Score 0/50 Timer 05:00
0 Plays Today
Clue 4-Letter Word % Correct
Bugs found on children's headsLICE
96.6%
'1st down, and the defense gets a ____ on the QB!'SACK
95.3%
Break into a computer programHACK
95.2%
'They start at the ____ of scrimmage at their own 20.'LINE
94.1%
NauseatedSICK
94.1%
Eat an ice cream coneLICK
94.1%
'2nd ____, now backed up deep in their own territory.'DOWN
92.1%
'And an idiotic personal foul adds on a 15-____ penalty!'YARD
91.9%
'QB throws down the field, but the ____ is incomplete.'PASS
91.9%
'3rd down, and it's a hand-off to the running ____.'BACK
91.2%
Not the present or futurePAST
90.3%
Material for knittersYARN
89.7%
Fill a suitcasePACK
89.3%
Win-____ recordLOSS
88.8%
Show boredomYAWN
88.5%
Mouth for a raven or eagleBEAK
88.2%
First lightDAWN
88.2%
Throw a ball softlyTOSS
88%
VillageTOWN
87.7%
ChallengingHARD
86.4%
Young womanLASS
86.3%
'That had to ____, John, he's getting up slowly.'HURT
86.1%
Baseball player Greenberg or AaronHANK
85.2%
'He breaks another tackle; the field looks ____ open!'WIDE
84.7%
Formal agreementPACT
84%
Clue 4-Letter Word % Correct
'That looked like holding to me, but no ____ is thrown.'FLAG
83.7%
A tire with a nail in itFLAT
83.7%
What a tugboat doesTOWS
83%
Jamaican track star UsainBOLT
82.7%
Red or white drinkWINE
82.6%
Alabama nickname: 'Crimson ____'TIDE
82.6%
Track preyHUNT
82.3%
Number of innings in a normal MLB gameNINE
82.3%
Sings 'Loser' and 'Where It's At'BECK
81.8%
'At the 30! The 20! Into the end ____: TOUCHDOWN!!'ZONE
81.4%
'They barely ____ the time clock on that one, Al.'BEAT
81.2%
Actor's part to playROLE
81%
'The RB forces through a ____ in the defensive line.'HOLE
80.9%
College Greek brotherhoodFRAT
80.1%
Purposely irritating childBRAT
78.4%
Piece used in Mahjong or ScrabbleTILE
77.8%
Love, in tennisNONE
76.8%
Slab of breadHUNK
76.7%
Used for rowing or sailingBOAT
76.3%
StagHART
75.6%
Make someone angryRILE
74.7%
NFL player Torry or PierceHOLT
74.2%
Place to stop standingSEAT
72.7%
Part of a Venetian blindSLAT
71%
Shoot a fellow soldierFRAG
70.5%

Today's Daily Dose

Remove Ads.
Support Sporcle.
Get the best of Sporcle when you Go Orange. This ad-free experience offers more features, more stats, and more fun while also helping to support Sporcle. Thank you for becoming a member.

You're not logged in!

Compare scores with friends on all Sporcle quizzes.
OR
Log In

Show Comments

Extras

Top Quizzes Today


Score Distribution

Your Account Isn't Verified!

In order to create a playlist on Sporcle, you need to verify the email address you used during registration. Go to your Sporcle Settings to finish the process.

Report this User

Report this user for behavior that violates our Community Guidelines.

Details: